000 00821nam a2200205 a 4500
003 0
005 20250620110246.0
008 021128s19uu xx 00 eng d
050 _aPHS HF 5681.B2
_b.C63 2000
100 _aCo, Ma. Jessielit A.
245 _aPreparedness of the Philippine banking industry in dealing with the millenium bug problem /
_cMa. Jessielit A. Co.
260 _aLas PiƱas City, Philippines :
_bSouthville International School and Colleges,
_c2000.
300 _a31 pages ;
_c28 cm.
504 _aIncludes bibliographical references.
650 _aYear 2000 date conversion (Computer systems).
650 _aBanks and banking
_zPhilippines
_xData processing.
650 _aFinancial institutions
_zPhilippines
_xRisk management.
650 _aComputer security
_zPhilippines.
942 _2lcc
_cPASS
999 _c96414
_d96414